| 000 | 00966cam a2200217 4500 | ||
|---|---|---|---|
| 001 | ABS62717 | ||
| 008 | 000000n2000 000 0 eng u | ||
| 035 | _a(Sirsi) u107761 | ||
| 245 | _aRotherwick's Executors v Oxfordshire CC | ||
| 260 | _c2000 | ||
| 490 |
_aEstates Gazette _v[2000] 28 EG 144 (9) |
||
| 520 | _aLT 21 March 2000. Compensation authority confirmed creation of a footpath which ran across land belonging to R's executors. Claimants made a claim for compensation. O resisted the claim on the ground that it was statute-barred. R referred to the LT to settle their claim. "Decision" the claim for compensation was statute-barred. | ||
| 590 | _aABS | ||
| 650 | _aROTHERWICK'S EXECUTORS V OXFORDSHIRE CC | ||
| 650 | _aCOMPENSATION | ||
| 650 | _aLIMITATION ACT 1980 | ||
| 650 | _aFOOTPATH | ||
| 650 | _aSTATUTE-BARRED | ||
| 690 | _aENVIRONMENTAL AND LAND CONSULTANCY-PLANNING AND DEVELOPMENT-COMPULSORY PURCHASE AND COMPENSATION | ||
| 942 | _n0 | ||
| 999 |
_c64367 _d64367 |
||